000
00294nam a2200097Ia 4500
082
_a
332.02402092 HALL
245
0
_a
In the red : the diary of a recovering shopaholic
100
_a
Hall, Alexis Thriplow, 2009 New ed
_9
76406
942
_c
BK
008
210817s9999 xx 000 0 und d
999
_c
254130
_d
254129